|
|
|
|
| LEADER |
00778nam a2200241Ia 4500 |
| 008 |
240829s9999 xx 000 0 und d |
| 020 |
|
|
|a 84-283-2803-X
|
| 040 |
|
|
|a BIBLIOTECA-RUSB/ 346.046 C834
|
| 041 |
|
|
|a spa
|
| 082 |
|
|
|a 346.046 C834
|
| 100 |
1 |
|
|a Coscollano Rodríguez, José
|
| 245 |
1 |
0 |
|a Ahorro energético en la construcción y rehabilitación de edificios
|
| 260 |
|
|
|a Madrid, España
|b Paraninfo
|c 2002
|
| 300 |
|
|
|a 317 p. :il.
|
| 650 |
7 |
|
|a LEGISLACION ENERGETICA
|
| 650 |
7 |
|
|b AHORRO ENERGETICO-REHABILITACION DE EDIFICIOS
|
| 650 |
7 |
|
|c CONSUMO DE ENERGIA
|
| 650 |
7 |
|
|d CONDICIONES TERMICAS DE LOS EDIFICIOS-NORMATIVA
|
| 650 |
7 |
|
|e DEMANDA ENERGETICA
|
| 650 |
7 |
|
|f CALIFICACION ENERGETICA DE VIVIENDAS
|
| 942 |
|
|
|c BK
|2 ddc
|
| 991 |
|
|
|a TEXTO
|
| 999 |
|
|
|c 1057
|